Il cristianesimo, metodo di vita /

Uloženo v:
Podrobná bibliografie
Hlavní autor: Lippert, Peter (autor)
Médium: Kniha
Jazyk:italština
Vydáno: Brescia, Italia : Morcelliana, 1958, c1958
Tagy: Přidat tag
Žádné tagy, Buďte první, kdo vytvoří štítek k tomuto záznamu!

MARC

LEADER 00000nam^a2200000^a^4500
001 000456299
005 20250521000000.0
009 20260310124015.569
037 |a Acervo Xavier Clavigero 
041 |a ITA 
091 |a FCA. 06151 
100 |a Lippert, Peter  |e (autor) 
245 1 3 |a Il cristianesimo, metodo di vita / 
264 4 |a Brescia, Italia :  |b Morcelliana,  |c 1958, c1958 
300 |a 130 p. 
336 |a texto  |b txt  |2 rdacontenido 
337 |a sin mediación  |b n  |2 rdamedio 
338 |a volumen  |b nc  |2 rdasoporte 
649 |a XX 
910 |a Fondo Xavier Cacho Vázquez S.J. 
920 |a Impresos - Libros 
930 |a Fondos Especiales 
905 |a 131 
901 |a 0500375062  |b IT2  |c ESP  |i D  |u 20250521 
902 |a https://opac.biblio.iteso.mx/vufind/Record/000456299